[Event "BL 2018-19"]
[Site "Berlin"]
[Date "2019.03.24"]
[Round "13.16"]
[White "Lammers, Markus"]
[Black "Kohlweyer, Bernd"]
[Result "1-0"]
[WhiteElo "2298"]
[BlackElo "2342"]
[Annotator "NA"]
[PlyCount "65"]
[EventDate "2018.11.10"]
[EventType "team-tourn"]
[EventCountry "GER"]
[SourceTitle "playchess.com"]
[Source "ChessBase"]
[SourceQuality "1"]
[WhiteTeam "Zugzwang Muenchen"]
[BlackTeam "Duesseldorf"]
[TimeControl "40/6000+30:3000+30"]

1. d4 {[%emt 0:00:00]} Nf6 {[%emt 0:05:38]} 2. Nf3 {[%emt 0:00:20]} b6 {[%emt 0:03:48]} 3. Bf4 {[%emt 0:03:02]} Bb7 {[%emt 0:00:25]} 4. e3 {[%emt 0:00:06]} g6 {[%emt 0:03:38]} 5. Be2 {[%emt 0:02:26]} Bg7 {[%emt 0:00:05]} 6. O-O {[%emt 0:00:09]} O-O {[%emt 0:01:00]} 7. c4 {[%emt 0:00:20]} d6 {[%emt 0:00:49]} 8. h3 {[%emt 0:00:21]} Nbd7 {[%emt 0:00:34]} 9. Nc3 {[%emt 0:02:09]} Ne4 {[%emt 0:00:12]} 10. Nxe4 {[%emt 0:15:28]} Bxe4 {[%emt 0:00:16]} 11. Qd2 {[%emt 0:00:04]} e5 {[%emt 0:13:08]} 12. Bh2 {[%emt 0:03:36]} a5 {[%emt 0:00:23] E61: King's Indian: Early deviations for White, including Smyslov System} (12... Re8 13. Rad1 a5 14. Bg3 h6 15. dxe5 Nxe5 16. Nd4 Nd7 17. Nb5 Nc5 18. f3 Bb7 19. Nc3 h5 20. Bf2 Bh6 21. Rfe1 Re5 22. Qd4 Bg7 23. Qd2 Bh6 24. Qd4 Bg7 25. Qd2 Bh6 {½-½ (25) Paehtz,E (2495)-Javakhishvili,L (2477) Sovata 2018}) 13. Rfd1 {[%emt 0:02:46]} Qe7 {[%emt 0:00:36]} 14. Rac1 {[%emt 0:06:14]} Rfe8 $146 {[%emt 0:02:50]} ({Predecessor:} 14... Rad8 15. Ne1 Bb7 16. Nc2 Qg5 17. Bf1 Rfe8 18. Qe2 exd4 19. Nxd4 Nc5 20. Nb5 {0-1 (69) Radlovacki,J (2305)-Omorjan,D (2268) Stari Banovci 2018}) 15. b3 {[%emt 0:03:12]} Bb7 {[%emt 0:02:18]} 16. d5 {[%emt 0:10:59]} f5 {[%emt 0:04:02]} 17. a3 {[%emt 0:05:54]} h5 {[%emt 0:06:29]} 18. Qc2 {[%emt 0:04:43]} Rf8 {[%emt 0:01:47]} 19. b4 {[%emt 0:04:29]} g5 {[%emt 0:01:00]} 20. Nd2 {[%emt 0:00:53]} Qf7 {[%emt 0:11:50]} 21. f4 $15 {[%emt 0:01:59]} (21. Nf3 $1 $11) 21... Bh6 {[%emt 0:20:16]} 22. Nf3 {[%emt 0:04:34]} gxf4 {[%emt 0:11:58]} 23. exf4 {[%emt 0:00:16]} axb4 {[%emt 0:01:57]} 24. axb4 {[%emt 0:00:10]} Rae8 {[%emt 0:05:24]} 25. Ra1 {[%emt 0:00:48]} exf4 {[%emt 0:03:26]} 26. Ra7 {[%emt 0:03:13]} Bc8 {[%emt 0:00:03]} 27. Rxc7 {[%emt 0:00:55]} Re7 {[%emt 0:00:03]} 28. Nd4 {[%emt 0:02:05]} Ne5 {[%emt 0:00:30]} 29. Rxc8 {[%emt 0:01:52]} Rxc8 {[%emt 0:00:01]} 30. Nxf5 {[%emt 0:00:14]} Qf6 {[%emt 0:00:18]} 31. Nxe7+ {[%emt 0:07:34]} Qxe7 {[%emt 0:00:01]} 32. Qf5 {[%emt 0:00:11]} Rf8 {[%emt 0:01:00]} 33. Qe6+ {[%emt 0:02:44]} 1-0

[Event "BL 2018-19"]
[Site "Berlin"]
[Date "2019.04.06"]
[Round "14"]
[White "Amin, Bassem"]
[Black "Areshchenko, Alexander"]
[Result "1/2-1/2"]
[WhiteElo "2709"]
[BlackElo "2652"]
[Annotator "TA"]
[PlyCount "48"]
[EventDate "2018.11.10"]
[EventType "team-tourn"]
[EventCountry "GER"]
[SourceTitle "playchess.com"]
[Source "ChessBase"]
[SourceQuality "1"]
[WhiteTeam "Viernheim"]
[BlackTeam "Werder Bremen"]

{[%evp 25,48,0,0,-39,-28,-66,-68,-82,-57,-37,-41,-45,-41,-69,-68,-91,-8,-26,-4,-47,-23,-22,-19,-70,-102]} 1. Nf3 c5 2. g3 Nc6 3. Bg2 g6 4. O-O Bg7 5. d3 e5 6. c4 Nge7 7. Nc3 d6 8. a3 O-O 9. Rb1 a5 10. Bd2 Rb8 11. Ne1 Be6 12. Nc2 d5 13. cxd5 Nxd5 14. Ne3 {A37: Symmetrical English vs ...g6: 4 Bg2 Bg7 5 Nf3} (14. Ne4 b6 15. b4 axb4 16. axb4 cxb4 17. Nxb4 Ncxb4 18. Bxb4 Nxb4 19. Rxb4 f5 20. Nc3 e4 21. Nb5 exd3 22. exd3 {½-½ (31) Yu,Y (2764)-Jakovenko,D (2735) China 2018}) 14... Nxe3 15. Bxe3 Nd4 16. b4 axb4 17. axb4 c4 18. Re1 b5 19. Ne4 Bd5 $146 ({Predecessor:} 19... Rc8 20. Nc5 Bf5 21. Rc1 cxd3 22. Nxd3 Nxe2+ 23. Qxe2 Bxd3 24. Rxc8 Bxe2 25. Rxd8 Rxd8 26. Rxe2 {1-0 (42) Nilsson,M-Johansson,V (2155) Borlange 1992}) 20. dxc4 Bxc4 ({Better is} 20... bxc4 $17 21. Nc3 Bxg2 22. Kxg2 Qc8) 21. Qd2 f5 22. Bg5 Qc7 23. Nc5 Qf7 24. Rbd1 ({White should play} 24. Be3 $11) 24... e4 1/2-1/2

[Event "BL 2018-19"]
[Site "Berlin"]
[Date "2019.04.06"]
[Round "14"]
[White "Korobov, Anton"]
[Black "Fressinet, Laurent"]
[Result "1/2-1/2"]
[WhiteElo "2703"]
[BlackElo "2650"]
[Annotator "TA"]
[PlyCount "69"]
[EventDate "2018.11.10"]
[EventType "team-tourn"]
[EventCountry "GER"]
[SourceTitle "playchess.com"]
[Source "ChessBase"]
[SourceQuality "1"]
[WhiteTeam "Viernheim"]
[BlackTeam "Werder Bremen"]

{[%evp 12,69,14,18,14,13,34,5,5,17,9,20,17,17,14,10,20,28,26,24,2,10,33,0,12,11,16,4,15,20,30,22,52,42,47,48,41,45,43,0,5,0,0,0,77,71,93,93,95,102,91,0,0,0,0,0,0,0,0,0]} 1. d4 Nf6 2. c4 e6 3. Nf3 d5 4. Nc3 Bb4 5. cxd5 exd5 6. Bg5 h6 7. Bh4 O-O {D38: Queen's Gambit Declined: Ragozin Defence (4 Nf3 Bb4)} 8. e3 Bf5 9. a3 Bxc3+ $1 10. bxc3 Nbd7 11. Bd3 $146 ({Predecessor:} 11. Be2 c5 12. O-O g5 13. Bg3 Ne4 14. c4 dxc4 15. Bxc4 {0-1 (49) Onischuk,A (2672)-Shankland,S (2671) Saint Louis 2018}) 11... Bxd3 12. Qxd3 c5 13. O-O Rc8 14. Rfb1 b6 15. a4 {[%cal Ba3a4,Ba4a5][%mdl 32]} Qc7 16. a5 Ne4 17. c4 {[%cal Bc3c4,Bc4d5,Bd5d6,Bd6e7][%mdl 32]} cxd4 18. cxd5 Nc3 19. Re1 dxe3 20. axb6 axb6 21. d6 Qc4 22. Qxe3 {Ra7 is the strong threat.} Nd5 23. Qd2 {Threatens to win with Be7.} Rfe8 24. Be7 {And now Ne5 would win.} Nxe7 25. dxe7 Nc5 {Strongly threatening ...Nb3.} 26. Rac1 {[%cal Ba1c1,Bc1c4,Bc4g4][%mdl 32]} Qg4 27. h3 Qg6 {[#]} (27... Qf5 $11 {remains equal.}) 28. Rc4 $1 $16 Rc7 29. Rg4 Qf6 30. Rf4 Rd7 31. Qb4 ({White should play} 31. Rxf6 $16 Rxd2 32. Nxd2 (32. Rxb6 Rd7 $11) 32... gxf6 33. Nc4) 31... Qd6 $11 {The position is equal.} 32. Rd4 Qc7 33. Rxd7 Qxd7 34. Qxb6 Ne6 $1 35. Qe3 {Accuracy: White = 78%, Black = 76%.} 1/2-1/2

[Event "BL 2018-19"]
[Site "Berlin"]
[Date "2019.04.06"]
[Round "14"]
[White "McShane, Luke J"]
[Black "Anton Guijarro, David"]
[Result "1/2-1/2"]
[WhiteElo "2667"]
[BlackElo "2649"]
[Annotator "TA"]
[PlyCount "72"]
[EventDate "2018.11.10"]
[EventType "team-tourn"]
[EventCountry "GER"]
[SourceTitle "playchess.com"]
[Source "ChessBase"]
[SourceQuality "1"]
[WhiteTeam "Werder Bremen"]
[BlackTeam "Viernheim"]

{[%evp 19,72,18,15,10,11,7,11,10,12,19,19,11,12,8,31,0,0,0,0,-2,-7,-8,-8,-12,-2,-19,-6,-28,-22,-27,-42,-62,-50,-115,-115,-107,-117,-115,-112,-122,-45,-34,-31,-38,-17,-34,-30,-29,-29,-22,0,0,0,-29,0]} 1. e4 e5 2. Nf3 Nc6 3. Bc4 Bc5 4. d3 Nf6 5. O-O d6 6. c3 a5 {C54: Giuoco Piano: 4 c3 Nf6, main lines with 5 d4 and 5 d3} 7. Re1 O-O 8. Nbd2 Be6 9. Bb5 Qb8 10. Nf1 Qa7 {LiveBook: 10 Games} 11. Be3 Qb6 $146 ({Predecessor:} 11... Bxe3 12. Nxe3 Ne7 13. a4 h6 14. Bc4 Bxc4 15. Nxc4 {½-½ (55) Vachier Lagrave,M (2779)-Nakamura,H (2777) chess.com INT 2018}) 12. a4 {Threatens to win with d4.} Bxe3 13. Nxe3 Ng4 14. Ng5 Nxe3 15. Rxe3 Nd8 {[%cal Bc6d8,Bd8e6,Be6f4,Bf4h3][%mdl 32]} 16. d4 c6 17. Bf1 ({Much worse is} 17. Qh5 h6 $17) 17... h6 18. Nf3 Bg4 19. Bc4 Ne6 20. dxe5 dxe5 21. Qc2 Qc5 $36 {[%mdl 2048] Black is more active.} 22. Bb3 Nf4 23. g3 Nh3+ 24. Kg2 Rad8 25. Ne1 Qe7 26. Rd3 {[#]} (26. f3 $15 Bc8 27. Nd3) 26... Rxd3 $1 $17 27. Nxd3 Qf6 {( -> ...Qf3+)} 28. Ne1 Ng5 29. Qd3 {[#]} Rd8 (29... Bh3+ $1 $17 30. Kg1 Bg4) 30. Qe3 $15 Bh3+ 31. Kh1 Be6 (31... Qd6 $5 {[%cal Rd6d2]}) 32. Bc2 Bg4 33. Kg2 Bh3+ 34. Kg1 Bg4 35. Kg2 Bh3+ 36. Kg1 Bg4 {Precision: White = 61%, Black = 79%.} (36... c5 $5) 1/2-1/2

[Event "BL 2018-19"]
[Site "Berlin"]
[Date "2019.04.06"]
[Round "14"]
[White "Ponomariov, Ruslan"]
[Black "Beerdsen, Thomas"]
[Result "1-0"]
[WhiteElo "2665"]
[BlackElo "2474"]
[Annotator "TA"]
[PlyCount "51"]
[EventDate "2018.11.10"]
[EventType "team-tourn"]
[EventCountry "GER"]
[SourceTitle "playchess.com"]
[Source "ChessBase"]
[SourceQuality "1"]
[WhiteTeam "Hockenheim"]
[BlackTeam "Muelheim"]

{[%evp 16,51,37,27,42,51,50,58,112,84,92,99,110,105,152,158,163,156,143,110,110,93,108,104,180,178,174,162,176,149,381,373,359,359,29985,29986,29986,29987]} 1. Nf3 Nc6 2. e4 d5 3. exd5 Qxd5 4. Nc3 (4. d4 e5 5. Nc3 Bb4 6. a3 Bxc3+ 7. bxc3 e4 8. Nd2 Nf6 9. Nc4 Bg4 10. Qd2 Bh5 11. Qg5 Qxg5 12. Bxg5 Nd5 13. Bd2 {0-1 (54) Leko,P (2723)-Bacrot,E (2718) Beijing 2014}) 4... Qd6 5. Nb5 Qd8 6. d4 {B00: Queen's Fianchetto Defence, Nimzowitsch Defence} a6 7. Nc3 Nf6 8. a3 Qd6 9. Be2 {LiveBook: 7 Games} Bg4 10. d5 Ne5 11. O-O {aiming for Nxe5.} Ned7 $146 ({Black should play} 11... Bxf3 $14 12. Bxf3 (12. gxf3 O-O-O $11) 12... g6) ({Predecessor:} 11... Bxf3 12. Bxf3 O-O-O 13. Bf4 Nxf3+ 14. Qxf3 e5 15. dxe6 Qxe6 {½-½ (13) Frolov,D (2350)-Zaitsev,V (2425) Novosibirsk 1998}) 12. h3 Bxf3 13. Bxf3 ({But not} 13. gxf3 e6 $15) 13... g6 14. g3 Ne5 15. Bg2 Bg7 16. Re1 $1 O-O 17. Qe2 Ned7 18. Be3 Rfe8 19. Rad1 e5 (19... Rac8 $16) 20. dxe6 $1 $18 Qxe6 21. Nd5 ({Don't take} 21. Bxb7 $6 Rab8 $14) 21... Nxd5 22. Bxd5 Qxh3 $2 {[#]} (22... Qf5 $16) 23. Bxf7+ $1 {[%mdl 512]} Kxf7 {[#]} 24. Qc4+ $1 Ke7 $2 (24... Kf8 $18) 25. Bc5+ Kf6 26. Bd4+ {Precision: White = 75%, Black = 20%.} 1-0

[Event "BL 2018-19"]
[Site "Berlin"]
[Date "2019.04.06"]
[Round "14"]
[White "Moiseenko, Alexander"]
[Black "Hausrath, Daniel"]
[Result "1/2-1/2"]
[WhiteElo "2648"]
[BlackElo "2493"]
[Annotator "TA"]
[PlyCount "75"]
[EventDate "2018.11.10"]
[EventType "team-tourn"]
[EventCountry "GER"]
[SourceTitle "playchess.com"]
[Source "ChessBase"]
[SourceQuality "1"]
[WhiteTeam "Hockenheim"]
[BlackTeam "Muelheim"]

{[%evp 24,75,14,17,50,31,53,37,54,32,71,72,88,89,84,95,73,28,25,2,0,-30,-26,-36,-35,-40,0,0,0,0,0,0,0,0,0,0,0,0,0,0,0,0,0,0,0,0,0,0,0,0,0,0,0,0]} 1. d4 d6 2. c4 g6 3. Nc3 Bg7 4. e4 Nf6 5. Bd3 Nc6 6. Nge2 e5 7. d5 Nd4 8. Nxd4 exd4 9. Ne2 O-O 10. O-O Re8 11. f3 c5 12. Bg5 h6 13. Bh4 {[#] LiveBook: 13 Games} Qa5 $146 {E70: King's Indian: Miscellaneous lines with 4 e4, including 5 Nge2 and 5 Bd3 0-0 6 Nge2} ({Predecessor:} 13... b5 14. cxb5 Qb6 15. Bf2 a6 16. a4 axb5 17. axb5 Rxa1 18. Qxa1 Nd7 19. f4 Nf6 20. Qb1 Qb7 21. Rc1 {1-0 (47) Malakhatko,V (2545)-Sivuk,V (2551) Runavik 2018}) 14. a4 a6 15. h3 Rb8 {White is slightly better.} 16. Qc1 g5 17. Be1 Qd8 18. Ng3 Nd7 19. Nh5 Ne5 20. Qc2 Bh8 21. Bg3 Bd7 22. a5 b5 23. b3 bxc4 24. bxc4 Rb4 25. Be1 {The position is equal.} Rb7 26. Bd2 Qe7 27. Ra3 f5 28. exf5 Nxd3 29. Qxd3 Qe2 $1 {[#] Threatens to win with ...Rb2.} 30. Ng3 Qxd3 31. Rxd3 Rf8 32. f4 Bxf5 33. Nxf5 Rxf5 34. fxg5 Rxf1+ 35. Kxf1 hxg5 $11 {KRB-KRB} 36. Ke2 Be5 37. Rf3 Rb2 38. Kd3 {Accuracy: White = 74%, Black = 67%.} 1/2-1/2

[Event "BL 2018-19"]
[Site "Berlin"]
[Date "2019.04.06"]
[Round "14"]
[White "Efimenko, Zahar"]
[Black "Maze, Sebastien"]
[Result "1/2-1/2"]
[WhiteElo "2635"]
[BlackElo "2602"]
[Annotator "TA"]
[PlyCount "44"]
[EventDate "2018.11.10"]
[EventType "team-tourn"]
[EventCountry "GER"]
[SourceTitle "playchess.com"]
[Source "ChessBase"]
[SourceQuality "1"]
[WhiteTeam "Werder Bremen"]
[BlackTeam "Viernheim"]

{[%evp 9,44,-26,-26,-35,24,-54,-42,-42,-28,-49,-25,-64,-21,-64,-60,-69,-62,-75,-68,-84,-70,-80,-80,-89,-46,-97,-97,-113,-51,-23,-55,-116,-56,-49,0,-29,-20]} 1. Nf3 e6 2. c4 d5 3. b3 c5 4. g3 Nc6 (4... Nf6 5. Bg2 Be7 6. O-O O-O 7. e3 Nc6 8. Bb2 b6 9. Nc3 dxc4 10. bxc4 Bb7 11. Qe2 Qc7 12. Rac1 Rfd8 13. Rfd1 Na5 14. Ne1 Bxg2 15. Nxg2 Qb7 16. f4 a6 17. Ba1 Ne4 18. Nxe4 Qxe4 19. d3 Qg6 {0-1 (47) Caruana,F (2807)-Aronian,L (2799) Saint Louis 2017}) 5. Bg2 d4 6. O-O {A13: English Opening: 1...e6} g5 (6... Bd6 $15) 7. b4 $146 (7. e3 $11) ({Predecessor:} 7. d3 g4 8. Ne1 h5 9. e3 dxe3 10. Bb2 exf2+ 11. Rxf2 Rh7 {½-½ (64) Szemes,T (1873)-Szaz,F (2146) Hungary 2009}) 7... g4 8. Ne1 {Black is slightly better.} Nxb4 9. e3 h5 10. exd4 Bg7 {Black wants to play ...h4.} 11. Bb2 cxd4 12. Na3 Ne7 13. c5 O-O 14. Nc4 Bd7 15. Qb3 Nbc6 16. Nd3 e5 17. Nd6 (17. Rae1 $15) 17... Be6 $17 18. Qa4 Qa5 (18... f5 $17 19. Nxb7 Qd7) 19. Qxa5 $15 Nxa5 20. Nxb7 (20. f4 $15 gxf3 21. Bxf3) 20... Nac6 ({Black should play} 20... Nxb7 $17 21. Bxb7 Bc4 22. Bxa8 Rxa8) 21. Nd6 Bd5 22. Ba3 f5 {Accuracy: White = 38%, Black = 41%.} 1/2-1/2

[Event "BL 2018-19"]
[Site "Berlin"]
[Date "2019.04.06"]
[Round "14"]
[White "Baramidze, David"]
[Black "Dinstuhl, Volkmar"]
[Result "1/2-1/2"]
[WhiteElo "2614"]
[BlackElo "2375"]
[Annotator "TA"]
[PlyCount "69"]
[EventDate "2018.11.10"]
[EventType "team-tourn"]
[EventCountry "GER"]
[SourceTitle "playchess.com"]
[Source "ChessBase"]
[SourceQuality "1"]
[WhiteTeam "Hockenheim"]
[BlackTeam "Muelheim"]

{[%evp 14,69,28,28,44,25,27,-10,-14,-29,-18,-28,-24,-28,-31,-29,-15,-19,-20,-34,-29,-23,-13,-9,0,0,-2,0,7,21,0,0,0,0,0,-60,-53,-49,-65,-54,0,-67,-57,-63,-63,-63,-63,-55,-64,-56,-69,-68,-24,-24,-24,-62,-60,-61]} 1. e4 c5 2. Nf3 d6 3. d4 cxd4 4. Nxd4 Nf6 5. Nc3 a6 6. h3 g6 7. g4 Bg7 8. Bg2 O-O {B90: Sicilian Najdorf: Unusual White 6th moves, 6 Be3 Ng4 and 6 Be3 e5} 9. O-O (9. Be3 Nc6 10. Qd2 Bd7 11. O-O-O Rc8 12. Nde2 b5 13. Nd5 a5 14. Bb6 Qe8 15. Kb1 Rb8 16. Be3 {½-½ (33) Radjabov,T (2738)-Smirin,I (2655) Baku 2015}) 9... Nc6 10. Nxc6 bxc6 {The position is equal.} 11. e5 dxe5 12. Qxd8 Rxd8 13. Bxc6 Rb8 14. Rd1 Rd6 15. Bg2 Be6 $146 ({Predecessor:} 15... Bb7 16. Rb1 Bxg2 17. Kxg2 {0-1 (38) Shtereva,S (2100)-Sperdokli,E (2141) Patras 2001}) 16. b3 Rxd1+ 17. Nxd1 Nd5 18. Bd2 e4 19. Rc1 f5 20. Bf1 fxg4 21. hxg4 Bxg4 22. Bxa6 Bf3 23. Bf1 Rd8 {[#] aiming for ...Nf6.} 24. Ba5 (24. Ne3 $11 Nc3 25. Bxc3 Bxc3 26. a4) 24... Ra8 $15 25. b4 Bh6 $36 {[%mdl 2048] Black is pushing.} 26. Rb1 $1 e3 (26... Rf8 $15 27. c4 Rf5 28. cxd5 Rg5+ 29. Kh2 Rh5+ 30. Kg3 Rg5+ 31. Kh2 Rh5+ 32. Kg3 Rg5+ 33. Kh2) 27. c4 {[#]} ({Better is} 27. Nxe3 $11 Nxe3 28. fxe3) 27... Nxb4 $1 {[%mdl 512]} 28. Bxb4 e2 29. Bxe2 Bxe2 30. Bxe7 Bxc4 31. a3 Bd3 32. Rb6 Bf8 33. Bxf8 Kxf8 34. Rb3 Bc2 35. Rf3+ {Accuracy: White = 54%, Black = 74%.} 1/2-1/2

[Event "BL 2018-19"]
[Site "Berlin"]
[Date "2019.04.06"]
[Round "14"]
[White "Fedorchuk, Sergey A."]
[Black "Edouard, Romain"]
[Result "1-0"]
[WhiteElo "2611"]
[BlackElo "2636"]
[Annotator "TA"]
[PlyCount "131"]
[EventDate "2018.11.10"]
[EventType "team-tourn"]
[EventCountry "GER"]
[SourceTitle "playchess.com"]
[Source "ChessBase"]
[SourceQuality "1"]
[WhiteTeam "Viernheim"]
[BlackTeam "Werder Bremen"]

{[%evp 11,130,0,6,12,29,21,9,13,16,6,20,4,7,5,9,0,11,18,6,8,30,24,24,22,25,23,32,27,30,11,21,21,21,23,53,48,59,60,51,56,52,39,54,42,51,45,106,111,101,112,89,98,173,116,199,157,152,124,119,128,179,179,203,199,197,196,189,187,231,194,209,212,243,239,242,229,241,248,351,362,381,399,347,374,411,355,369,339,428,436,436,437,441,438,415,408,468,441,441,454,480,481,478,456,466,446,527,456,658,613,1350,930,5736,5736,5081,5081,5135,2958,29998,29999,29999]} 1. e4 e6 2. d4 d5 3. Nd2 c5 4. Ngf3 cxd4 5. Nxd4 Nf6 6. exd5 Qxd5 7. Nb5 {[#] And now Nc7+ would win. C07: French Tarrasch: 3...c5, 4 Ngf3 and 4 exd5 Qxd5} Na6 {[%cal Bb8a6,Ba6c7,Bc7d5][%mdl 32]} 8. Nc3 Qd6 9. a3 {The position is equal.} Bd7 10. Qf3 Bc6 11. Qe3 Nc7 $146 ({Predecessor:} 11... Be7 12. Nc4 Qc7 13. Qg3 Qxg3 14. hxg3 Ne4 {1-0 (53) Navara,D (2737)-Svane,R (2552) Germany 2016}) 12. Nc4 Qc5 13. Ne5 Ncd5 14. Qxc5 Bxc5 15. Nxc6 bxc6 16. Na4 Bd4 17. c3 Nb6 18. Nxb6 Bxb6 19. Ba6 Rd8 20. f3 Rd5 21. Bd2 Re5+ 22. Kd1 Nd5 23. f4 $36 {[%mdl 2048] White has the initiative.} Rh5 24. Be2 Rh6 25. Bf3 O-O 26. g3 Ne3+ 27. Ke2 Nc4 28. Bc1 e5 {[#]} (28... Na5 $14) 29. Kd3 $1 $16 {[%cal Rd3c4]} Na5 30. fxe5 Re6 31. Bf4 Bc7 (31... h6 $16) 32. Rae1 ({Better is} 32. Bg4 $18) 32... h6 (32... Rd8+ $16 {keeps fighting.} 33. Kc2 Nc4) 33. Bg4 Re7 34. e6 {Hoping for exf7+.} Bxf4 35. gxf4 Rd8+ (35... f5 $16) 36. Kc2 $18 Nc4 37. exf7+ Kxf7 38. Rxe7+ Kxe7 {[%mdl 4096] Endgame KRB-KRN} 39. Re1+ Kf6 40. Re6+ Kf7 41. f5 c5 42. Bh5+ Kf8 43. Kb3 Nd6 44. Bg6 c4+ (44... Nf7 {is a better defense.} 45. f6 Nd6) 45. Kb4 Rb8+ 46. Kc5 Nf7 47. Re2 ({Not} 47. Kxc4 Rxb2 48. h4 Rg2 $18) 47... Rc8+ 48. Kd5 Ng5 49. h4 Nf3 50. Bh5 Nd2 51. Kd6 Nb3 52. Kd7 Ra8 53. Kc6 Nc1 54. Re3 a5 55. Kb7 Rd8 56. Kc7 Ra8 57. Re4 Nd3 58. Rxc4 Nxb2 59. Re4 Nd3 (59... Ra7+ $142 60. Kb6 Ra8) 60. c4 a4 61. Bg6 Ra7+ 62. Kb8 {[%csl Gg6][%cal Re4e8]} Rb7+ 63. Kc8 {[%csl Gg6][%cal Re4e8]} Re7 64. Rd4 {Rd8+ would kill now.} Nb4 65. Rd8+ Re8 66. Rxe8# {Accuracy: White = 85%, Black = 47%.} 1-0

[Event "BL 2018-19"]
[Site "Berlin"]
[Date "2019.04.06"]
[Round "14"]
[White "Wagner, Dennis"]
[Black "Zwirs, Nico"]
[Result "1-0"]
[WhiteElo "2576"]
[BlackElo "2413"]
[Annotator "TA"]
[PlyCount "95"]
[EventDate "2018.11.10"]
[EventType "team-tourn"]
[EventCountry "GER"]
[SourceTitle "playchess.com"]
[Source "ChessBase"]
[SourceQuality "1"]
[WhiteTeam "Hockenheim"]
[BlackTeam "Muelheim"]

{[%evp 20,95,50,20,47,41,49,48,42,42,55,42,45,47,50,49,64,32,37,47,71,46,30,0,92,94,123,134,127,100,122,108,170,181,197,185,181,172,222,190,225,222,254,253,242,237,317,326,488,471,443,566,564,572,571,568,577,568,575,528,1009,962,1364,1398,6199,6179,5318,5306,3294,3286,2355,2340,29986,29987,29981,29980,29996,29997]} 1. d4 Nf6 2. Nf3 g6 3. g3 Bg7 4. Bg2 O-O 5. O-O d5 6. c4 dxc4 7. Na3 Nc6 8. Nxc4 Be6 9. b3 Bd5 10. Bb2 a5 11. Ne3 Be4 {D77: Fianchetto Grünfeld: 6 0-0: Replies other than 6...c6} 12. a3 Re8 (12... Qc8 13. Nc4 Rd8 14. e3 Bd5 15. Rc1 Ne4 16. Qe2 Qe6 17. Ne1 Ng5 18. Nf3 Qg4 19. Ncd2 Nxf3+ 20. Bxf3 Bxf3 21. Qxf3 Qxf3 22. Nxf3 {½-½ (44) Rozum,I (2573)-Sjugirov,S (2654) Khanty-Mansiysk 2018}) 13. Nc4 Bd5 {White is slightly better.} 14. Rc1 e6 15. Re1 $146 ({Predecessor:} 15. e3 Qe7 16. Qc2 Be4 17. Qe2 Bd5 18. Qc2 Be4 19. Qe2 {½-½ (36) Kojima,S (2344)-Fogarasi,T (2401) Budapest 2013}) 15... Qe7 16. Qd3 Be4 17. Qe3 Rad8 18. h3 Qf8 {Strongly threatening ...Bh6.} 19. Qf4 Bxf3 20. Bxf3 Nd5 21. Qe4 Nf6 (21... f5 $11 22. Qd3 f4) 22. Qd3 $16 {Bxc6 is the strong threat.} e5 {And now ...e4 would win.} 23. Bxc6 $1 bxc6 24. e4 exd4 25. Nxa5 Nd7 (25... c5 $16) 26. Nxc6 $18 {[%mdl 64] [#] Double Attack} ({Not} 26. Bxd4 $2 Ne5 $19) 26... Ne5 27. Nxe5 Bxe5 28. b4 Qe7 29. Kg2 Rd7 30. Rc5 h5 31. h4 Bg7 32. Bc1 Qd8 33. Bf4 Qc8 (33... Ree7 {was necessary.} 34. Rec1 Qa8) 34. Rec1 Ree7 35. b5 {[%cal Bb4b5,Bb5b6,Bb6c7][%mdl 32]} Qb7 36. Rc6 Be5 37. a4 Bxf4 38. gxf4 Qa8 39. b6 Re8 {If Black can now play ...cxb6 this consolidates a bit.} 40. bxc7 Rc8 41. Qb5 d3 {[#]} 42. Rxg6+ $1 {[%mdl 512]} fxg6 43. Qxd7 Qxe4+ {KQR-KQR} 44. f3 Qf5 45. Qd8+ Kg7 46. Re1 {White mates.} Kh6 47. Re7 Qc5 48. Qxc8 {Accuracy: White = 91%, Black = 29%.} 1-0

[Event "BL 2018-19"]
[Site "Berlin"]
[Date "2019.04.06"]
[Round "14"]
[White "Spoelman, Wouter"]
[Black "Kovalenko, Igor"]
[Result "1/2-1/2"]
[WhiteElo "2573"]
[BlackElo "2644"]
[Annotator "TA"]
[PlyCount "65"]
[EventDate "2018.11.10"]
[EventType "team-tourn"]
[EventCountry "GER"]
[SourceTitle "playchess.com"]
[Source "ChessBase"]
[SourceQuality "1"]
[WhiteTeam "Werder Bremen"]
[BlackTeam "Viernheim"]

{[%evp 13,65,9,26,8,18,29,7,12,17,10,18,9,10,0,44,31,34,33,50,44,50,51,60,57,56,55,75,67,75,74,74,58,81,62,72,56,56,56,56,0,56,0,92,92,92,0,95,0,95,0,93,0,100,0]} 1. c4 Nf6 2. Nf3 g6 3. g3 Bg7 4. Bg2 O-O 5. O-O Nc6 6. Nc3 a6 7. d3 d6 8. Qd2 $146 {A16: English Opening: 1...Nf6 with ...d5} ({Predecessor:} 8. Rb1 Rb8 9. Nd2 Bd7 10. b4 b5 11. a3 Qc8 12. Bb2 Ne5 13. Ba1 Bh3 14. Nde4 Bxg2 15. Nxf6+ exf6 16. Kxg2 {0-1 (38) Mikhalevski,V (2579)-Hakobyan,A (2545) St Petersburg 2018}) 8... e5 9. b3 Re8 10. Bb2 {The position is equal.} Nd4 11. Rac1 Rb8 12. Nxd4 exd4 13. Nd5 Ng4 14. h3 Nh6 $1 15. e4 $36 {[%mdl 2048] White has good play.} c6 16. Nf4 c5 17. b4 b6 18. a4 a5 19. b5 f6 20. Rce1 Nf7 21. Nd5 Be6 22. Kh2 Qd7 23. Bc1 Bxd5 24. exd5 Rxe1 25. Rxe1 Re8 26. Re6 ({White should play} 26. Re2 $14) 26... Nd8 (26... Rxe6 $11 27. dxe6 Qxe6) 27. Qf4 ({White should try} 27. Rxe8+ $14 Qxe8 28. f4) 27... Nf7 (27... Nxe6 $11 28. dxe6 Rxe6) 28. Qe4 $16 Kf8 29. Qh4 (29. g4 $16) 29... Kg8 (29... Rxe6 $11 30. dxe6 Qxe6) 30. Qe4 Kf8 31. Qh4 (31. g4 $16) 31... Kg8 (31... Rxe6 $11 {remains equal.} 32. dxe6 Qxe6) 32. Qe4 Kf8 33. Qh4 {Accuracy: White = 46%, Black = 46%.} (33. g4 $16) 1/2-1/2